000 00551nam a2200229Ia 4500
003 OSt
005 20221005120606.0
006 a|||||r|||| 00| 0
007 ta
008 221004b |||||||| |||| 00| 0 tam d
024 _a52311
037 _cTextual
040 _aCRL
_cCRL
_btam
041 _2tam
_atam
082 _aV561.K1, 31K0
100 _aPillai Au.
_9629381
245 0 _aEngland Varalaru
260 _c1960
650 _aHISTORY
942 _hV561.K1, 31K0
_cTEXL
_2cc
999 _c1038505
_d1038505